000 00392nam a2200157Ia 4500
008 230718s9999 xx 000 0 und d
041 _aeng
082 _a006.3
_bBAR
100 _aBarr A. Ed.
245 _aHandbook Of Artificial Intelligence
260 _c1982
_bWilliam Kaufmann Inc.
300 _a420
365 _cRs.
700 _aBarr A. Ed. & Feigenbaum E.A. Ed.
906 _cCOMP
999 _c295756
_d295756